| 000 | 00000nas 2200000zi 4500 |
| 001 | 9.931887 |
| 003 | CaOODSP |
| 005 | 20240206153325 |
| 006 | m o d f |
| 007 | cr cn |||||||| |
| 008 | 180109d19902001quc x m o f0 0eng|d |
| 040 | |aCaOODSP|beng|erda|cCaOODSP |
| 043 | |an-cn--- |
| 086 | 1 |aTU3-1E-PDF |
| 245 | 00|aRailway occurrence report. |
| 264 | 1|aGatineau, Quebec : |bTransportation Safety Board of Canada, |c[1990-2001] |
| 310 | |aIrregular |
| 336 | |atext|btxt|2rdacontent |
| 337 | |acomputer|bc|2rdamedia |
| 338 | |aonline resource|bcr|2rdacarrier |
| 500 | |aIssued also in French under title: Rapport d'enquête sur accident ferroviaire. |
| 650 | 0|aRailroad accidents|zCanada|vPeriodicals. |
| 655 | 7|aPeriodicals|2lcgft |
| 710 | 2 |aTransportation Safety Board of Canada, |eissuing body. |
| 775 | 08|tRapport d'enquête sur accident ferroviaire.|w(CaOODSP)9.931886 |
| 776 | 0#|tRailway occurrence report |w(CaOODSP)9.514916 |